| 000 | 00760nam a2200217 a 4500 | ||
|---|---|---|---|
| 001 | 000019853 | ||
| 005 | 20200929170150.0 | ||
| 008 | 100708s1977 sp ad r 000 0 spa d | ||
| 020 | _a8472141144 | ||
| 040 |
_aDO-SdBNP _bspa _cBNPHU |
||
| 082 |
_axxx _bT998h |
||
| 100 | 1 |
_aTzonis, Alexander, _d1937- _942367 |
|
| 245 | 1 | 0 |
_aHacia un ambiente no opresivo / _cAlexander Tzonis ; traducción María Teresa Muñoz. |
| 260 |
_aMadrid : _bH. Blume Ediciones, _c1977. |
||
| 300 |
_a143 p. : _bil., diag. ; _c21 cm. |
||
| 490 | 1 | _aSerie arquitectura, urbanismo, sociedad | |
| 500 | _aIncluye datos biográficos del autor en la portada. | ||
| 700 | 1 |
_aMuñoz, María Teresa, _etr. _942368 |
|
| 830 | 0 |
_aSerie arquitectura, urbanismo, sociedad _942369 |
|
| 049 | _aBNGR | ||
| 999 |
_c19366 _d19366 |
||